000 00525nam a2200145 a 4500
008 120416s1968 ||||||||||||||||| || u
050 _aTA 645 Pip
100 _aPippard, Alfred John Sutton, 1891-
245 1 4 _aThe analysis of engineering structures
250 _a4th ed.
260 _aLondon
_bEdward Arnold
_c1968
300 _axiii, 578p. : ill.
350 _a0.00
995 _D0.00
_FCBU-MAIN LIBRARY (Kitwe)
_H1
_I2.50
_M1
_UAVAILABLE
_ZAnnex Low-Usage Collection
999 _c34226
_d34226